[Event "World-chT Rapid"]
[Site "Dusseldorf"]
[Date "2023.08.28"]
[Round "12"]
[White "Ozols, Andris"]
[Black "Moeller, Lisa Marie"]
[Result "0-1"]
[WhiteElo "1490"]
[BlackElo "1899"]
[PlyCount "82"]
[EventDate "2023.08.26"]
[EventType "team-swiss (rapid)"]
[EventRounds "12"]
[EventCountry "GER"]
[SourceTitle "CBM 215 Extra"]
[Source "ChessBase"]
[SourceDate "2023.09.30"]
[SourceVersion "1"]
[SourceVersionDate "2023.09.30"]
[SourceQuality "1"]
[WhiteTeam "FIDE Management Board"]
[BlackTeam "Wensing & Poebel"]
[BlackTeamCountry "GER"]

1. e4 c5 2. Nf3 e6 3. g3 Nc6 4. Bg2 g6 5. 0-0 Bg7 6. Qe2 Nge7 7. c3 0-0 8. Rd1 d5 9. d4 cxd4 10. Nxd4 Nxd4 11. cxd4 Bd7 12. Nc3 Bc6 13. e5 Rc8 14. h4 Nf5 15. Bg5 Qb6 16. Qd3 h6 17. Bf6 Bxf6 18. exf6 Qd8 19. Qd2 Qxf6 20. Qf4 Kg7 21. Rd3 Bd7 22. Re1 Rc4 23. Re5 Ne7 24. Qxf6+ Kxf6 25. g4 Nc6 26. g5+ hxg5 27. hxg5+ Kg7 28. Re1 Rxd4 29. Rg3 Rd2 30. b3 Rd4 31. Ne2 Rd2 32. Nc3 Rh8 33. Nb5 Rxa2 34. Nd6 Rb2 35. Rf3 Be8 36. Rf6 Rxb3 37. f4 Rb4 38. f5 gxf5 39. Nxe8+ Rxe8 40. Rh6 Rh8 41. Rf6 Rg4 0-1

[Event "World-chT Rapid"]
[Site "Dusseldorf"]
[Date "2023.08.27"]
[Round "6.12"]
[White "Hladeniuk, Yelyzaveta"]
[Black "Ozols, Andris"]
[Result "0-1"]
[WhiteElo "1362"]
[BlackElo "1490"]
[PlyCount "58"]
[EventDate "2023.08.26"]
[EventType "team-swiss (rapid)"]
[EventRounds "12"]
[EventCountry "GER"]
[SourceTitle "CBM 215 Extra"]
[Source "ChessBase"]
[SourceDate "2023.09.30"]
[SourceVersion "1"]
[SourceVersionDate "2023.09.30"]
[SourceQuality "1"]
[WhiteTeam "Chess Wizzards"]
[BlackTeam "FIDE Management Board"]
[WhiteTeamCountry "UKR"]

1. d4 Nf6 2. c4 c5 3. d5 b5 4. e3 bxc4 5. Bxc4 d6 6. Nf3 g6 7. 0-0 Bg7 8. Nc3 0-0 9. Re1 Nbd7 10. b3 Ne4 11. Nxe4 Bxa1 12. Qd2 Bg7 13. Bb2 f6 14. Qd3 a6 15. Ng3 Nb6 16. h3 Nxc4 17. Qxc4 a5 18. Ba3 a4 19. Rb1 axb3 20. Qxb3 Qa5 21. Bc1 Qxa2 22. Qxa2 Rxa2 23. Kf1 Ba6+ 24. Ke1 Bd3 25. Rb7 Re8 26. Nd2 f5 27. f4 c4 28. Ngf1 Bc3 29. g4 Bxf1 0-1

[Event "Oberliga Ost-A 1819"]
[Site "Germany"]
[Date "2019.04.07"]
[Round "11.8"]
[White "Ozols, Andris"]
[Black "Schmalhofer, Adam"]
[Result "1-0"]
[WhiteElo "1647"]
[BlackElo "2103"]
[PlyCount "91"]
[EventDate "2018.10.21"]
[EventType "team-tourn"]
[EventRounds "11"]
[EventCountry "GER"]
[SourceTitle "EXT 2020"]
[Source "ChessBase"]
[SourceDate "2019.10.17"]
[SourceVersion "1"]
[SourceVersionDate "2019.10.17"]
[SourceQuality "1"]
[WhiteTeam "Loeberitz"]
[BlackTeam "Dresden USV TU II"]
[WhiteTeamCountry "GER"]
[BlackTeamCountry "GER"]

1. e4 c5 2. Nf3 e6 3. g3 Nc6 4. Bg2 Nge7 5. 0-0 b5 6. Qe2 Qb6 7. b3 Bb7 8. Bb2 Nd4 9. Nxd4 cxd4 10. d3 Nc6 11. Nd2 Bb4 12. Rad1 Rc8 13. a3 Bc3 14. Bc1 d6 15. f4 Rc7 16. f5 exf5 17. exf5+ Kd8 18. Qg4 f6 19. Ne4 Ne5 20. Qf4 Bxe4 21. Qxe4 Re8 22. b4 Nc4 23. Qa8+ Kd7 24. Qf3 Ne3 25. Bxe3 dxe3 26. Qe2 Qa6 27. Rf4 Qxa3 28. Re4 Rxe4 29. dxe4 Bd2 30. Qxb5+ Ke7 31. Qd5 Qxb4 32. Qe6+ Kf8 33. Bf3 Re7 34. Qc8+ Re8 35. Qd7 Qd4 36. c3 Qe5 37. Bh5 Qe7 38. Bxe8 e2 39. Rb1 Be3+ 40. Kg2 Qxe4+ 41. Kh3 Qxe8 42. Qxd6+ Kg8 43. Rb8 Qxb8 44. Qxb8+ Kf7 45. Qc7+ Ke8 46. Qc8+ 1-0

[Event "Oberliga Ost-A 1819"]
[Site "Germany"]
[Date "2019.04.06"]
[Round "10.8"]
[White "Dahl, Christoph"]
[Black "Ozols, Andris"]
[Result "0-1"]
[WhiteElo "2034"]
[BlackElo "1647"]
[PlyCount "118"]
[EventDate "2018.10.21"]
[EventType "team-tourn"]
[EventRounds "11"]
[EventCountry "GER"]
[SourceTitle "EXT 2020"]
[Source "ChessBase"]
[SourceDate "2019.10.17"]
[SourceVersion "1"]
[SourceVersionDate "2019.10.17"]
[SourceQuality "1"]
[WhiteTeam "Dresden Gruen Weiss"]
[BlackTeam "Loeberitz"]
[WhiteTeamCountry "GER"]
[BlackTeamCountry "GER"]

1. e4 c5 2. Nf3 d6 3. d4 cxd4 4. Nxd4 Nf6 5. Nc3 g6 6. Be3 Bg7 7. f3 0-0 8. Bc4 Nc6 9. Qd2 Bd7 10. 0-0-0 Qa5 11. Kb1 Rfc8 12. Bb3 Ne5 13. g4 Nc4 14. Bxc4 Rxc4 15. Nb3 Qe5 16. f4 Qxc3 17. bxc3 Nxe4 18. Qd3 Nxc3+ 19. Kc1 Nxa2+ 20. Kd2 Rac8 21. Bd4 Nb4 22. Qg3 Bxd4 23. Nxd4 Rxd4+ 24. Kc1 Rxc2+ 25. Kb1 Rdc4 26. Rc1 Ba4 27. Rhg1 Nd5 28. Rxc2 Rxc2 29. Rg2 Nc3+ 30. Ka1 Rc1+ 31. Kb2 Rb1+ 32. Kxc3 Rb3+ 33. Kc4 Rxg3 34. Rxg3 Bc6 35. Ra3 a6 36. Kb4 Kg7 37. Re3 e6 38. Rd3 e5 39. fxe5 dxe5 40. Kc5 f5 41. g5 f4 42. Rd2 e4 43. Kd4 e3 44. Rd1 e2 45. Re1 f3 46. Ke3 h6 47. h4 hxg5 48. hxg5 Kf7 49. Kf2 Ke6 50. Rc1 a5 51. Rc3 a4 52. Rc5 Kd6 53. Rc4 Kd5 54. Rf4 Ke5 55. Rf8 Kd4 56. Rd8+ Kc3 57. Ra8 Kb2 58. Rd8 a3 59. Rd2+ Kc3 0-1

[Event "Puhajarve rap op 19th"]
[Site "Puhajarve"]
[Date "2018.11.23"]
[Round "7"]
[White "Meskovs, Nikita"]
[Black "Ozols, Andris"]
[Result "1-0"]
[WhiteElo "2539"]
[BlackElo "1643"]
[PlyCount "63"]
[EventDate "2018.11.23"]
[EventType "tourn (rapid)"]
[EventRounds "35"]
[EventCountry "EST"]
[SourceTitle "CBM 187 Extra"]
[Source "ChessBase"]
[SourceDate "2018.11.04"]
[SourceVersion "1"]
[SourceVersionDate "2018.11.04"]
[SourceQuality "1"]

1. b3 e5 2. Bb2 d6 3. Nf3 Nc6 4. e4 Bd7 5. Bc4 Be7 6. Nc3 Nf6 7. 0-0 0-0 8. d4 Bg4 9. d5 Nd4 10. Be2 Nxe2+ 11. Qxe2 Nh5 12. h3 Nf4 13. Qe3 Bxh3 14. gxh3 Nxh3+ 15. Kh2 Nf4 16. Rg1 Qd7 17. Rg3 f5 18. Rag1 Nh5 19. Rh3 f4 20. Qe2 Nf6 21. Ng5 f3 22. Qxf3 Nxe4 23. Qxe4 Rxf2+ 24. Kg3 Rf5 25. Ne6 g6 26. Rgh1 Bg5 27. Rxh7 Bf4+ 28. Nxf4 exf4+ 29. Kf3 Qxh7 30. Rxh7 Kxh7 31. Qe7+ Kh6 32. Ne4 1-0